Macromolecules containing metal and metal-like elements

This series provides a useful, applications-oriented forum for the next generation of macromolecules and materials. This volume, seventh in the series, covers nanoscale interactions of metal-containing polymers. Example chapters include: * Nanoscale Clusters and Molecular Orbital Interactions in Mac...

Полное описание

Сохранить в:
Библиографические подробности
Формат:
Язык:Undetermined
Опубликовано: Hoboken, N.J. Wiley-Interscience 2006
Предметы:
Метки: Добавить метку
Нет меток, Требуется 1-ая метка записи!
Thư viện lưu trữ: Trung tâm Học liệu Trường Đại học Cần Thơ
LEADER 01085nam a2200193Ia 4500
001 CTU_162667
008 210402s9999 xx 000 0 und d
020 |c 190 
082 |a 547.7 
082 |b M174/Vol.7 
245 0 |a Macromolecules containing metal and metal-like elements 
245 0 |c Edited by Alaa S. Abd-El-Aziz ... [et al.]. 
260 |a Hoboken, N.J. 
260 |b Wiley-Interscience 
260 |c 2006 
520 |a This series provides a useful, applications-oriented forum for the next generation of macromolecules and materials. This volume, seventh in the series, covers nanoscale interactions of metal-containing polymers. Example chapters include: * Nanoscale Clusters and Molecular Orbital Interactions in Macromolecular-Metal Complexes ; * Metal Oxide Clusters as Building Blocks for Inorganic-Organic Hybrid Polymers 
650 |a Organometallic polymers,Đại phân tử,Metal complexes,Macromolecules,Nanostructured materials,Vật liệu cấu trúc nano 
904 |i Trọng Hiếu 
980 |a Trung tâm Học liệu Trường Đại học Cần Thơ